000 00309nam a22001337a 4500
008 170401b xxu||||| |||| 00| 0 eng d
020 _a9789280810981
041 _aeng
080 _a574
100 _a9
101 _aSHM
245 _aMANAGING AGRODIVERSITY THE TRADITIONAL WAY
_cGYASI, E.A
942 _2udc
_cBK
999 _c9452
_d9452